000 01078nam0a22002771 4500
001 rc\691914
005 20250621213247.0
035 _a(NLR Aleph) 005928478
090 _a6552721
_c6552721
100 _a20031121d1985 |||y0rusy50 ca
101 0 _arus
102 _aRU
105 _aa |||||||||
200 1 _aЖизненный путь поколения: его выбор и утверждение
_f[Р. Веэрманн, Ю. Гинтер, П. Кенкманн и др.]
_gПод ред. М.Х. Титма
210 _aТаллин
_cЭэсти раамат
_d1985
215 _a370 с.
_cил.
_d20
300 _aАвт. указаны на 4-й с.
300 _aВ надзаг.: АН ЭССР, Ин-т истории, Прибалт. отд-ние Сов. социол. ассоц.
701 1 _aВеэрманн
_bР.
702 1 _aТитма
_bМ.Х.
_gМикк Харриевич
_4340
712 0 2 _aИнститут истории
_cТаллин
801 0 _aRU
_bNLR
_gpsbo
801 1 _aRU
_bELAR
_2rusmarc
852 _aNLR
_j85-3/12800
942 _cBOOK
980 _aNB